000
00227 a2200097 4500
001
51182
100
_a
French T C
245
_a
Fundamental of Engineering Drawing
260
_a
New York
_b
McGraw Hill
_c
090
_c
32410
_d
32410
942
_a
NUST-CAE
_c
M
_c
24904
999
_c
286255
_d
286255